000 00460pab a2200157 454500
008 180718b2011 xxu||||| |||| 00| 0 eng d
100 _aKang, Changhui
245 _aFamily size and educational investments in children: Evidence from private tutoring expenditures in South Korea
260 _c2011
300 _ap.59-78.
362 _aFeb
650 _aFamily size
773 _aOxford Bulletin of Economics and Statistics
908 _aN
909 _a92132
999 _c92132
_d92132